000
00307 a2200145 4500
001
180506
020
_a
040
_c
Magnum
100
_a
Geempa
240
1
0
_a
Alfabetizacao em novas bases
_l
por
245
1
0
_a
Alfabetizacao em novas bases
362
0
_a
1899
697
_a
MAGNITO: ENSINO
942
_c
BK
999
_c
180506
_d
180506